| 000 | 00558nam a22002053a 4500 | ||
|---|---|---|---|
| 005 | 20210223124524.0 | ||
| 008 | 011016s1998 mx fr 000 0 spa d | ||
| 020 | _a9686781196 | ||
| 035 | _aUPN01000114246 | ||
| 049 | _aCE | ||
| 050 | 4 |
_aTR148 _bD6.4 |
|
| 100 | 1 | _aDaye, David. | |
| 245 | 1 | 0 |
_aEfectos especiales en fotografía / _cDavid Daye. |
| 260 |
_aMéxico : _bSomohano, _c1998 |
||
| 300 |
_a160 p. : _bil., col. |
||
| 440 | 0 | _aSerie PRO-PHOTO | |
| 650 | 4 |
_aFOTOGRAFIA - _xTRUCOS |
|
| 650 | 4 |
_aFOTOGRAFIA - _vMANUALES, ETC. _912602 |
|
| 905 | _aLibro | ||
| 999 |
_c88154 _d88154 |
||